Statistics for Portugal to Latvia

Click here to take the quiz!

General Stats

  • This quiz has been taken 594 times
    (583 since last reset)
  • The average score is 5 of 5

Answer Stats

HintAnswer% Correct
Country 2France
100%
Country 1Spain
100%
Country 3Germany
99%
Country 4Poland
99%
Country 5Lithuania / Belarus / Russia
98%

Score Distribution

Percentile by Number Answered

Percent of People with Each Score

Your Score History

You have not taken this quiz since the last reset